000
00340pab a2200145 454500
008
180718b1996 xxu||||| |||| 00| 0 eng d
100
_a
Sahay, K.B.
245
_a
Malthusian crisis: need for population commission
260
_c
1996
300
_a
p.8
362
_a
26 Apr
650
_a
Population
773
_a
Statesman
909
_a
32423
999
_c
32423
_d
32423